| 000 | 01417nam a2200301 a 4500 | ||
|---|---|---|---|
| 003 | OSt | ||
| 005 | 20251111101712.0 | ||
| 007 | cr ||||||a|c|a | ||
| 008 | 230829s2023 mx a|||fom||| 001 0 spa d | ||
| 040 | _erda | ||
| 100 | 1 |
_9187808 _aSuárez Sánchez, Erick Javier |
|
| 245 | 1 | 0 |
_aModelos lineales generalizados y espaciales aplicados al estudio de preferencias electorales en las elecciones locales del 2021 en la Ciudad de México / _cpor Erick Javier Suárez Sánchez y Saul Arturo Ortiz Muñoz ; director de tesis Antonio Villanueva Morales. |
| 264 | 1 |
_aChapingo, México : _bEl autor, _c2023. |
|
| 300 |
_a1 recurso en línea (124 páginas): _bfiguras, tablas. |
||
| 336 |
_2rdacontent _atexto _btxt |
||
| 337 |
_2rdamedia _acomputadora _bc |
||
| 338 |
_2rdacarrier _arecurso en línea _bcr |
||
| 502 |
_bLEs _cDICIFO _d2023. _gLIC |
||
| 504 | _aIncluye referencias bibliográficas: páginas 103-105. | ||
| 650 | 4 |
_936210 _aElecciones _zMéxico (D.F.) |
|
| 650 | 4 |
_9148358 _aModelos probabilísticos |
|
| 650 | 4 |
_976417 _aModelos estadísticos |
|
| 650 | 4 |
_928246 _aCorrelaciones (Estadística) |
|
| 700 | 1 |
_9187809 _aOrtiz Muñoz, Saul Arturo |
|
| 700 | 1 |
_aVillanueva Morales, Antonio _edirector. _9119506 |
|
| 856 |
_uhttp://10.13.5.2/tesis/tl/TL_1512552-1y1511855-6_Suarez-Sanchez_ErickJavieryOrtiz-Munoz_SaulArturo.pdf.pdf _zDESCARGAR PDF |
||
| 942 |
_2Clasificación Universidad Autónoma Chapingo _cTD |
||
| 999 |
_c219125 _d219125 |
||